000 00869nam a2200229Ia 4500
003 GCL
008 140319s9999 xx 000 0 ara d
020 _a1253314977
040 _aGCL /
_cGCL
082 0 4 _a379
_bك م
100 1 _aمحمد احمد عوض
245 1 0 _aالمدخل الى الكفاية العبرقومية اعادة التفكير فى التربية الدولية :
_bدراسة حالة للولايات المتحدة الامريكية واليابان /
_cمحمد احمد عوض
250 _aالاولى
260 _aالقاهرة :
_bمكتبة زهراء الشرق ،
_c2004
300 _a245 ص ؛
_c24 سم
650 0 4 _aالتعليم
650 0 4 _aالتربية
650 0 4 _aالتوجية التربوى
650 0 4 _aالتنمية البشرية
650 0 4 _aالتربية الدولية
942 _2ddc
_cBK
999 _c57289
_d57289